| 000 | 01083njm a22002897a 4500 | ||
|---|---|---|---|
| 005 | 20100922110716.0 | ||
| 007 | sd ammalaaahaa | ||
| 008 | 100913t xxu||||| |||| 00| 0 hin d | ||
| 028 |
_aIND 1034A _bCBS |
||
| 035 | _aGR-07821 | ||
| 040 |
_aSED _cSED |
||
| 100 |
_aJagjit Singh _91184 |
||
| 245 |
_aNirvana / _cby Jagjit Singh ; music by Chitra ; lyrics by Rahi Masoom Reza [and] Rajesh Johri _h[sound recording] : |
||
| 246 | _aनिर्वाण | ||
| 260 |
_aDum Dum India _bCBS _c1983 |
||
| 300 |
_a1 sound disc [Gramophone record] : _banalog, 33 1/3 rpm _c12.5 in. (LP) _fGramophone Record |
||
| 500 | _aBrief Record | ||
| 500 | _aRecord label :CBS, Orange | ||
| 505 | _aSide-1 (Sar hi na jhuka) (Jagjit Singh) Side-2 (Raten thi sooni sooni) (Chitra Singh) | ||
| 600 |
_aJagjit Singh _919992 |
||
| 650 |
_aHindi Films songs _xExcerpts _zIndia _921058 |
||
| 700 |
_aChitra _921050 |
||
| 700 |
_aReza, Rhi Masoom _921059 |
||
| 700 |
_aJohri, Rajesh _921060 |
||
| 942 |
_2ddc _cGR |
||
| 999 |
_c47391 _d47391 |
||